| 000 | 00841nam a22001577a 4500 | ||
|---|---|---|---|
| 003 | OSt | ||
| 005 | 20150919141752.0 | ||
| 008 | 150919b xxu||||| |||| 00| 0 eng d | ||
| 040 | _cRUA | ||
| 082 | _aAGR SUY 2006 B034 Or.1 | ||
| 100 |
_9866 _aSUY, LINNA. |
||
| 245 | _aEffect of A B fertilizers utilization on lettuce grown in solution condition at at royal university of agriculture crop station ឥទ្ធិពលនៃការប្រើប្រាស់ជី អា បេ លើការលូតលាស់ដំណាំសាលាដក្នុងសូលុយស្យុងនៅស្ថានីយ៏ពិសោធន៏ដំណាំ នៅសាកលវិទ្យាល័យភូមិន្ទកសិកម្ម | ||
| 260 |
_aPhnom Penh _bRUA _c2006 |
||
| 300 |
_a41p. _bill. _c29cm. |
||
| 942 |
_2ddc _cAGR |
||
| 999 |
_c834 _d834 |
||